000 01153nam0a22002531 4500
001 rc\211262
005 20250620233621.0
035 _a(NLR Aleph) 005461302
090 _a4957960
_c4957960
100 _a20030307d1991 |||y0rusy50 ca
101 0 _arus
102 _aRU
105 _ay |||||||||
200 1 _aЭколого-экономические проблемы разработки угольных месторождений Кузбасса
_eТез. докл. науч.-практ. конф.
_fОтв. ред. И.С. Дрейцер
210 _aКемерово
_cОбл. правл. ВЭО
_d1991
215 _a93 с.
_d20
300 _aВ надзаг.: Кемеров. облисполком, Кемеров. науч. центр Сиб. отд-ния АН СССР, Кемеров. обл. правл. Всесоюз. экон. о-ва и др.
702 1 _aДрейцер
_bИ.С.
_4340
712 0 2 _aКемеровский обл. Совет народных депутатов
_bИсполнительный ком.
801 0 _aRU
_bNLR
_gpsbo
801 1 _aRU
_bELAR
_2rusmarc
852 _aNLR
_j91-4/10454
942 _cBOOK
980 _aNB